MARC

LEADER 00000nam0a2200000 4500
001 271691
005 20231101234448.0
035 |a (RuTPU)RU\TPU\book\294893 
090 |a 271691 
100 |a 20141010d1966 k y0rusy50 ca 
101 0 |a rus 
102 |a RU 
105 |a a z 001zy 
200 1 |a Теория и практика метода направлений погасания. Метод вращающейся иглы  |f Л. А. Варданянц  |g Всесоюзный научно-исследовательский геологический институт (ВСЕГЕИ) 
210 |a Москва  |c Недра  |d 1966 
215 |a 43 с.  |c черт. 
320 |a Библиогр.: с. 41. 
606 1 |a Минералы  |x Кристаллооптический анализ  |x Метод Федорова  |x (минералогия)  |2 stltpush  |3 (RuTPU)RU\TPU\subj\80732  |9 88333 
610 1 |a стереофигуры 
610 1 |a кристаллы 
610 1 |a сечения 
675 |a 549.08:53  |v 3 
700 1 |a Варданянц  |b Л. А.  |g Левон Арсенович 
712 0 2 |a Всесоюзный научно-исследовательский геологический институт (ВСЕГЕИ)  |c (Ленинград)  |c (1939-1991)  |2 stltpush  |3 (RuTPU)RU\TPU\col\11367 
801 1 |a RU  |b 63413507  |c 20141010 
801 2 |a RU  |b 63413507  |c 20220729  |g RCR 
942 |c BK